| 000 | 01306nam2a22002531 4500 | ||
|---|---|---|---|
| 001 | RU\NLR\INFOCOMM7\5000001858 | ||
| 005 | 20250617005241.0 | ||
| 035 | _a(NLR Aleph) 002327367 | ||
| 090 |
_a4435990 _c4435990 |
||
| 100 | _a20041028d1893 |||y0rusy50 ca | ||
| 101 | 0 | _arus | |
| 102 | _aRU | ||
| 105 | _ay ||||000|y | ||
| 200 | 0 | _aТ.3, №19 | |
| 210 |
_d1893 _aБ. м. |
||
| 421 | 0 |
_12001#$aСело Малая Сердоба Петровского уезда Саратовской губернии$fКушев Н.Е. _1210##$aСаратов$d1893 _1309##$a(Припл.) _1700#1$aКушев$bН.Е. _tСело Малая Сердоба Петровского уезда Саратовской губернии _aКушев, Н.Е. |
|
| 461 | 0 |
_1001RU\NLR\INFOCOMM7\5000001797 _12001#$aСаратовский санитарный обзор$eЗемско-мед. журн., изд. 2 раза в мес. Губ. земством$vТ.3, №19 _94435891 _c[Саратов] _d1891-1895 _oЗемско-мед. журн., изд. 2 раза в мес. Губ. земством _tСаратовский санитарный обзор _vТ.3, №19 |
|
| 801 | 1 |
_aRU _bInfoComm _c20041028 |
|
| 801 | 0 |
_aRU _bNLR _gPSBO |
|
| 852 |
_aNLR _bЗемП _j36/3 |
||
| 942 | _cISSUE | ||
| 980 | _aNB | ||
| 980 | _aRUSPER | ||